000 00315nam a2200121Ia 4500
008 220204s9999 xx 000 0 und d
082 _a334(540)
_bHOU
100 _aHOUGH, E M
245 0 _aCooperative movement in India
260 _aBombay
_bOxford Univ Press
_c1960
650 _aCooperative movement
942 _cBK
999 _c19996
_d19996